[Event "Plancoet op 11th"]
[Site "Plancoet"]
[Date "2014.07.29"]
[Round "3"]
[White "Manea, Alexandru"]
[Black "Schmouchkovitch, Michel"]
[Result "1-0"]
[WhiteElo "2373"]
[BlackElo "1932"]
[PlyCount "79"]
[EventDate "2014.07.27"]
[EventType "swiss"]
[EventRounds "9"]
[EventCountry "FRA"]
[SourceTitle "CBM 161 Extra"]
[Source "ChessBase"]
[SourceDate "2014.08.29"]
[SourceVersion "1"]
[SourceVersionDate "2014.08.29"]
[SourceQuality "1"]

1. e4 e6 2. d4 d5 3. e5 c5 4. c3 Nc6 5. Nf3 Bd7 6. Be2 Nge7 7. Na3 cxd4 8. cxd4 Nf5 9. Nc2 Qb6 10. 0-0 Rc8 11. Rb1 Na5 12. b3 Bb5 13. g4 Ne7 14. Ba3 Ng6 15. Bxb5+ Qxb5 16. Bxf8 Rxf8 17. Qd2 Kd7 18. h4 h6 19. h5 Ne7 20. Rbc1 Nac6 21. Nfe1 a5 22. Nd3 b6 23. f4 f5 24. exf6 Rxf6 25. Kh2 Rcf8 26. Ne3 Qa6 27. Ne5+ Nxe5 28. dxe5 R6f7 29. Nc4 Rc8 30. Nd6 Rxc1 31. Rxc1 Rf8 32. Qc2 Qa7 33. f5 Qb8 34. a4 Qa7 35. Kh1 Qb8 36. Kh2 Qa7 37. Qd3 Nc6 38. fxe6+ Ke7 39. Rxc6 b5 40. Nf5+ 1-0

[Event "Rennes op 6th"]
[Site "Rennes"]
[Date "2013.07.12"]
[Round "9"]
[White "Mladenov, Plamen"]
[Black "Schmouchkovitch, Michel"]
[Result "1-0"]
[WhiteElo "2405"]
[BlackElo "1963"]
[PlyCount "81"]
[EventDate "2013.07.06"]
[EventType "swiss"]
[EventRounds "9"]
[EventCountry "FRA"]
[SourceTitle "CBM 155 Extra"]
[Source "ChessBase"]
[SourceDate "2013.08.26"]
[SourceVersion "1"]
[SourceVersionDate "2013.08.26"]
[SourceQuality "1"]

1. d4 e6 2. Nc3 d5 3. e4 Bb4 4. exd5 exd5 5. Bd3 c6 6. Nge2 Nf6 7. 0-0 0-0 8. h3 Re8 9. Ng3 Nbd7 10. Qf3 Nf8 11. Bg5 Be7 12. Rfe1 Ne6 13. Be3 g6 14. Nce2 Ng7 15. c3 Be6 16. Bc2 Nfh5 17. Bh6 Bg5 18. Bxg5 Qxg5 19. Nxh5 Nxh5 20. Ng3 Nxg3 21. fxg3 Re7 22. Re5 Qd2 23. Re2 Qh6 24. Rae1 Rae8 25. Kh1 Kf8 26. Qf6 Qg7 27. Qf4 Kg8 28. b3 Qf8 29. Qd6 Rd8 30. Qe5 Ree8 31. b4 Qd6 32. Qf6 Qe7 33. Qf4 Kg7 34. Rf2 Kg8 35. h4 Kg7 36. h5 h6 37. hxg6 f6 38. Bf5 Rd6 39. Rfe2 Qd7 40. Rxe6 Rexe6 41. Rxe6 1-0

[Event "Rennes op 6th"]
[Site "Rennes"]
[Date "2013.07.09"]
[Round "5"]
[White "Petre, Nad Titus"]
[Black "Schmouchkovitch, Michel"]
[Result "1-0"]
[WhiteElo "2371"]
[BlackElo "1963"]
[PlyCount "163"]
[EventDate "2013.07.06"]
[EventType "swiss"]
[EventRounds "9"]
[EventCountry "FRA"]
[SourceTitle "CBM 155 Extra"]
[Source "ChessBase"]
[SourceDate "2013.08.26"]
[SourceVersion "1"]
[SourceVersionDate "2013.08.26"]
[SourceQuality "1"]

1. d4 e6 2. c4 f5 3. g3 Nf6 4. Bg2 c6 5. Nh3 d5 6. 0-0 Bd6 7. Qc2 0-0 8. Bf4 Be7 9. Nd2 Nh5 10. cxd5 Nxf4 11. Nxf4 exd5 12. Nf3 Bd6 13. Nd3 Qe7 14. e3 Bd7 15. b4 a6 16. a4 Be8 17. Qb3 Bf7 18. Nfe5 Nd7 19. Nxf7 Kxf7 20. b5 axb5 21. axb5 Nf6 22. Rfc1 Rxa1 23. Rxa1 Rc8 24. Rc1 Kf8 25. Bh3 g6 26. Bg2 Kg7 27. Qa4 Qd7 28. Rb1 Rc7 29. Qa5 Ng8 30. Bf3 Ne7 31. Bd1 Rc8 32. Ba4 Qd8 33. Qxd8 Rxd8 34. bxc6 bxc6 35. Rb6 Rc8 36. Kf1 Kf6 37. Ke2 Ke6 38. Ra6 Kd7 39. Kd2 Rc7 40. Kc3 Rb7 41. Ra8 Ke6 42. Bb3 Kd7 43. Rh8 h5 44. Ra8 Ke6 45. Kc2 Kd7 46. Ba4 Rc7 47. Ra6 Ke6 48. Nc1 Kd7 49. Nb3 Bb4 50. Rb6 Bd6 51. Ra6 Bb4 52. Nc1 Kc8 53. Ra8+ Kd7 54. Nd3 Bd6 55. f4 Ke6 56. Kd2 Rb7 57. h3 Rb1 58. Bd1 Rb7 59. g4 hxg4 60. hxg4 Rb8 61. Ra6 Rh8 62. g5 Rb8 63. Ba4 Rc8 64. Kc3 Rc7 65. Ra8 Kd7 66. Ne1 Rb7 67. Kc2 Rc7 68. Nf3 Ke6 69. Rf8 Ra7 70. Bb3 c5 71. Rf6+ Kd7 72. dxc5 Bxc5 73. Ne5+ Kd8 74. Nxg6 Nxg6 75. Rxg6 Bxe3 76. Rg8+ Kc7 77. g6 Ra1 78. Kd3 Bxf4 79. g7 Rg1 80. Ra8 Rg3+ 81. Ke2 Re3+ 82. Kf2 1-0

[Event "Rohde op 12th"]
[Site "Sautron"]
[Date "2012.11.??"]
[Round "3"]
[White "Navrotescu, Andreea Cristiana"]
[Black "Schmouchkovitch, Michel"]
[Result "1-0"]
[WhiteElo "2133"]
[BlackElo "1946"]
[PlyCount "115"]
[EventDate "2012.10.27"]
[EventType "swiss"]
[EventRounds "9"]
[EventCountry "FRA"]
[SourceTitle "EXT 2014"]
[Source "ChessBase"]
[SourceDate "2013.11.20"]
[SourceVersion "1"]
[SourceVersionDate "2013.11.20"]
[SourceQuality "1"]

1. d4 e6 2. Nf3 f5 3. Bf4 Nf6 4. e3 b6 5. Bd3 Bb7 6. 0-0 Bd6 7. Bxd6 cxd6 8. c4 0-0 9. d5 Na6 10. Nc3 g6 11. e4 fxe4 12. Nxe4 Nxe4 13. Bxe4 Nc5 14. Bc2 Qf6 15. b4 Na6 16. Qd2 Qf4 17. b5 Nc5 18. Rad1 Qxc4 19. Bb1 Rxf3 20. gxf3 Bxd5 21. Qd4 Qxd4 22. Rxd4 Bxf3 23. Re1 Bd5 24. h4 Rf8 25. f4 Kg7 26. Kh2 Kf6 27. Rg1 Rc8 28. Rg5 Bf3 29. Kg3 Bb7 30. h5 gxh5 31. Bxh7 Rh8 32. Rxh5 Kg7 33. Bg6 Rxh5 34. Bxh5 Bd5 35. a3 Kf6 36. Bf3 Bxf3 37. Kxf3 d5 38. Rd1 Ne4 39. Rd3 Nd6 40. a4 Ne4 41. Ke3 Kf5 42. Ra3 Nd6 43. Ra2 Nc4+ 44. Kd4 Nd6 45. Rc2 Nc4 46. Rh2 Na5 47. Rh7 Nb3+ 48. Ke3 Nc5 49. Rf7+ Kg6 50. Re7 Kf6 51. Rh7 Kg6 52. Rh2 Nxa4 53. Kd4 Nc5 54. Ra2 Kf5 55. Rxa7 Kxf4 56. Ra6 d6 57. Rxb6 Nb3+ 58. Kc3 1-0

[Event "Brest op"]
[Site "Brest"]
[Date "2012.04.07"]
[Round "1.6"]
[White "Schmouchkovitch, Michel"]
[Black "Baudin, Alexis"]
[Result "1-0"]
[WhiteElo "1960"]
[BlackElo "1560"]
[PlyCount "77"]
[EventDate "2012.04.??"]
[EventType "swiss"]
[EventRounds "7"]
[EventCountry "FRA"]
[SourceTitle "EXT 2014"]
[Source "ChessBase"]
[SourceDate "2013.11.20"]
[SourceVersion "1"]
[SourceVersionDate "2013.11.20"]
[SourceQuality "1"]

1. c4 e5 2. g3 Nf6 3. Bg2 d5 4. cxd5 Nxd5 5. Nf3 Nc6 6. 0-0 Bg4 7. Qa4 Qd7 8. Nxe5 Nb6 9. Qxg4 Nxe5 10. Qxd7+ Kxd7 11. Bxb7 Re8 12. d4 Ng6 13. Bf3 h5 14. h4 c6 15. Nc3 Bd6 16. b3 Bb4 17. Bb2 f5 18. e3 Ne7 19. Rac1 Rc8 20. Rfd1 Ned5 21. Nxd5 Nxd5 22. Bxd5 cxd5 23. Rxc8 Rxc8 24. Rc1 Rxc1+ 25. Bxc1 Bc3 26. Kf1 a5 27. a4 Ke6 28. Ke2 Kf6 29. Bd2 Bxd2 30. Kxd2 Ke6 31. Kc3 Kd6 32. b4 Kc6 33. bxa5 g6 34. Kb4 Kc7 35. Kc5 Kb7 36. Kxd5 Ka6 37. Ke5 Kxa5 38. d5 Kb6 39. d6 1-0

[Event "Rennes op 4th"]
[Site "Rennes"]
[Date "2011.07.20"]
[Round "6"]
[White "Schmouchkovitch, Michel"]
[Black "Serralta, Michel"]
[Result "1-0"]
[WhiteElo "1964"]
[BlackElo "2122"]
[PlyCount "97"]
[EventDate "2011.07.16"]
[EventType "swiss"]
[EventRounds "9"]
[EventCountry "FRA"]
[SourceTitle "CBM 143 Extra"]
[Source "ChessBase"]
[SourceDate "2011.08.29"]
[SourceVersion "1"]
[SourceVersionDate "2011.08.29"]
[SourceQuality "1"]

1. c4 e5 2. g3 Nc6 3. Bg2 g6 4. Nc3 Bg7 5. e4 d6 6. Nge2 f5 7. d3 Nh6 8. h4 Nf7 9. Nd5 0-0 10. Qc2 a5 11. Bd2 Qd7 12. Bh3 Nfd8 13. h5 Qf7 14. hxg6 hxg6 15. exf5 gxf5 16. 0-0-0 Ne6 17. Be3 Nb4 18. Nxb4 axb4 19. Kb1 b5 20. Bg2 Ra5 21. Bd2 bxc4 22. dxc4 c5 23. Bd5 Bb7 24. Bh6 Bxd5 25. Rxd5 Rfa8 26. Bxg7 Kxg7 27. Nc1 Nd4 28. Qd2 Qg6 29. f4 e4 30. Qh2 R5a6 31. Qh4 Re8 32. Nb3 Nf3 33. Qh3 e3 34. Nc1 e2 35. Nxe2 Rxe2 36. Qh8+ Kf7 37. Rh7+ Qxh7 38. Qxh7+ Ke8 39. Qh5+ Kd7 40. Qxf3 Re4 41. b3 Ra8 42. Qh5 Rae8 43. Qxf5+ Kc6 44. Rd1 R8e6 45. Qd5+ Kb6 46. f5 R6e5 47. Qxd6+ Ka5 48. Qc7+ Ka6 49. Rd6# 1-0

[Event "Rohde op 10th"]
[Site "Sautron"]
[Date "2010.10.30"]
[Round "9"]
[White "Schmouchkovitch, Michel"]
[Black "Gautier, Emmanuel"]
[Result "0-1"]
[WhiteElo "1984"]
[BlackElo "1768"]
[PlyCount "72"]
[EventDate "2010.10.23"]
[EventType "swiss"]
[EventRounds "9"]
[EventCountry "FRA"]
[SourceTitle "EXT 2012"]
[Source "ChessBase"]
[SourceDate "2011.11.24"]
[SourceVersion "1"]
[SourceVersionDate "2011.11.24"]
[SourceQuality "1"]

1. d4 d5 2. Nf3 Nf6 3. e3 Bf5 4. c4 e6 5. Nc3 c6 6. Nh4 Bg4 7. Qb3 b6 8. h3 Bh5 9. g4 Bg6 10. Nxg6 hxg6 11. Bg2 Nbd7 12. Bd2 Be7 13. 0-0-0 Rc8 14. e4 Nxe4 15. Nxe4 dxe4 16. Bxe4 Nf6 17. Bg2 Qxd4 18. Be3 Qe5 19. Qa4 Qc7 20. Rd2 Nd7 21. Rhd1 Nc5 22. Bxc5 Bxc5 23. Qxc6+ Qxc6 24. Bxc6+ Ke7 25. Rd7+ Kf6 26. Bb7 Rce8 27. g5+ Kxg5 28. Rxf7 Rxh3 29. Rg1+ Kh6 30. Be4 g5 31. Rg2 a5 32. Kc2 Rd8 33. f4 Be3 34. fxg5+ Bxg5 35. Rb7 Rd4 36. Rd2 Rxc4+ 0-1

[Event "Rennes op 3th"]
[Site "Rennes"]
[Date "2010.07.20"]
[Round "5"]
[White "Piankov, Evgenij"]
[Black "Schmouchkovitch, Michel"]
[Result "1/2-1/2"]
[WhiteElo "2324"]
[BlackElo "1979"]
[PlyCount "136"]
[EventDate "2010.07.17"]
[EventType "swiss"]
[EventRounds "9"]
[EventCountry "FRA"]
[SourceTitle "EXT 2011"]
[Source "ChessBase"]
[SourceDate "2010.11.26"]
[SourceVersion "1"]
[SourceVersionDate "2010.11.26"]
[SourceQuality "1"]

1. d4 e6 2. g3 f5 3. Bg2 Nf6 4. Nd2 c5 5. c3 Nc6 6. Ngf3 d5 7. 0-0 Bd6 8. a3 a5 9. dxc5 Bxc5 10. b4 axb4 11. Nb3 Bd6 12. cxb4 0-0 13. Bb2 Qe7 14. Nfd4 Bd7 15. Nxc6 Bxc6 16. Nd4 Ba4 17. Qd3 Bd7 18. f4 Rfc8 19. Rac1 Ne4 20. Nf3 Rc7 21. Rxc7 Bxc7 22. Bd4 Qe8 23. Qc2 Rc8 24. Qb2 Qe7 25. Ne5 Bxe5 26. Bxe5 Bb5 27. Ra1 Nd6 28. Bd4 Nc4 29. Qc3 Qd7 30. Bf1 Nb6 31. Qd2 Nc4 32. Qa2 Ra8 33. Qb3 Ba4 34. Qc3 Rc8 35. Rc1 Nd6 36. Qa1 Rxc1 37. Qxc1 Bb5 38. Qc5 Ne4 39. Qa7 Bc6 40. e3 b5 41. Qb8+ Qe8 42. Qb6 Nd2 43. Be2 Nc4 44. Bxc4 dxc4 45. Kf2 Qd7 46. Qb8+ Qe8 47. Qe5 Qd7 48. Ke1 h6 49. Kd2 Bd5 50. Ke1 Kh7 51. Kf2 Qf7 52. Ke1 Qd7 53. Kd2 Qf7 54. Kc3 Qd7 55. Qb8 Qb7 56. Qf8 Qd7 57. Kb2 Qb7 58. Be5 Qd7 59. Qb8 Be4 60. Bd4 Bc6 61. Kc3 Bd5 62. Be5 Be4 63. Qd6 Qa7 64. Qd2 Qxa3+ 65. Kd4 Qa7+ 66. Kc3 Qa3+ 67. Kd4 Qa7+ 68. Kc3 Qa3+ 1/2-1/2

[Event "Rennes op 2nd"]
[Site "Rennes"]
[Date "2009.07.22"]
[Round "8"]
[White "Schmouchkovitch, Michel"]
[Black "Le Goff, Damien"]
[Result "0-1"]
[WhiteElo "1996"]
[BlackElo "2270"]
[PlyCount "101"]
[EventDate "2009.07.15"]
[EventType "swiss"]
[EventRounds "9"]
[EventCountry "FRA"]
[SourceTitle "EXT 2011"]
[Source "ChessBase"]
[SourceDate "2010.11.26"]
[SourceVersion "1"]
[SourceVersionDate "2010.11.26"]
[SourceQuality "1"]

1. d4 g6 2. Nf3 Bg7 3. c4 c5 4. d5 d6 5. Nc3 Bxc3+ 6. bxc3 f5 7. Qb3 Nf6 8. g3 Qa5 9. Nd2 Nbd7 10. Bg2 Nb6 11. Qb5+ Qxb5 12. cxb5 Nbxd5 13. Bb2 Rb8 14. 0-0 Be6 15. c4 Nb6 16. Rac1 Kf7 17. Rfe1 Rhd8 18. e4 fxe4 19. Bxe4 Rd7 20. Bf3 Rc8 21. Bd1 h6 22. a4 Bf5 23. a5 Na8 24. f4 g5 25. fxg5 hxg5 26. Nf3 Rg8 27. Bc2 Bxc2 28. Rxc2 g4 29. Nh4 e5 30. Nf5 Ke6 31. Rf2 Nc7 32. Kg2 Nce8 33. Bc3 Rg5 34. Nh4 Ng7 35. Bd2 Rh5 36. Ng6 Kf7 37. Ref1 Nge8 38. Nh4 Ke6 39. Re2 Rdh7 40. h3 gxh3+ 41. Kxh3 Rg7 42. a6 bxa6 43. bxa6 Nc7 44. Ra1 Rh8 45. Bc3 Rb8 46. Rb2 Rxb2 47. Bxb2 Rg8 48. Bc3 Rb8 49. Ra3 Rb6 50. Ng2 Rxa6 51. Nf4+ 0-1

[Event "Rennes op 2nd"]
[Site "Rennes"]
[Date "2009.07.15"]
[Round "1"]
[White "Andonov, Bogomil"]
[Black "Schmouchkovitch, Michel"]
[Result "1/2-1/2"]
[WhiteElo "2311"]
[BlackElo "1996"]
[PlyCount "92"]
[EventDate "2009.07.15"]
[EventType "swiss"]
[EventRounds "9"]
[EventCountry "FRA"]
[SourceTitle "EXT 2011"]
[Source "ChessBase"]
[SourceDate "2010.11.26"]
[SourceVersion "1"]
[SourceVersionDate "2010.11.26"]
[SourceQuality "1"]

1. Nf3 e6 2. d4 f5 3. Bg5 Be7 4. Bxe7 Qxe7 5. c3 Nf6 6. Nbd2 b6 7. e3 Bb7 8. Bd3 Ne4 9. 0-0 0-0 10. Qc2 d5 11. Ne5 Nxd2 12. Qxd2 Nd7 13. Nxd7 Qxd7 14. c4 dxc4 15. Be2 Rac8 16. Rfd1 Rfd8 17. Bxc4 c5 18. Rac1 b5 19. Bf1 c4 20. a4 a6 21. Qb4 Bd5 22. Rd2 Rb8 23. axb5 axb5 24. Rdc2 Qd6 25. Qxd6 Rxd6 26. f4 Ra6 27. Kf2 Ra2 28. h3 Be4 29. Rd2 Rc8 30. g4 g6 31. g5 Kf7 32. Ke1 Rca8 33. Rf2 R8a4 34. Bg2 Bd5 35. Re2 Rb4 36. Rcc2 Rb3 37. Kf2 Ke7 38. h4 Kd6 39. h5 Kc6 40. h6 Kd6 41. Bf3 Bxf3 42. Kxf3 Kd5 43. Red2 Rb4 44. Re2 Rb3 45. Red2 Rb4 46. Re2 Rb3 1/2-1/2

[Event "Brest op"]
[Site "Brest"]
[Date "2009.04.13"]
[Round "6"]
[White "Dupitier, Mickael"]
[Black "Schmouchkovitch, Michel"]
[Result "1/2-1/2"]
[WhiteElo "1844"]
[BlackElo "1993"]
[PlyCount "28"]
[EventDate "2009.04.11"]
[EventType "swiss"]
[EventRounds "7"]
[EventCountry "FRA"]
[SourceTitle "EXT 2011"]
[Source "ChessBase"]
[SourceDate "2010.11.26"]
[SourceVersion "1"]
[SourceVersionDate "2010.11.26"]
[SourceQuality "1"]

1. d4 e6 2. Nf3 f5 3. c4 Nf6 4. g3 Bb4+ 5. Nfd2 a5 6. b3 0-0 7. Bg2 Ne4 8. Bb2 Nc6 9. 0-0 d5 10. Nxe4 dxe4 11. e3 Be7 12. f3 exf3 13. Bxf3 Bf6 14. Na3 Nb4 1/2-1/2

[Event "Fouesnant op 14th"]
[Site "Fouesnant"]
[Date "2008.10.29"]
[Round "6"]
[White "Migot, Tangi"]
[Black "Schmouchkovitch, Michel"]
[Result "1-0"]
[WhiteElo "2101"]
[BlackElo "1977"]
[PlyCount "63"]
[EventDate "2008.10.25"]
[EventType "swiss"]
[EventRounds "9"]
[EventCountry "FRA"]
[SourceTitle "EXT 2009"]
[Source "ChessBase"]
[SourceDate "2008.11.26"]
[SourceVersion "1"]
[SourceVersionDate "2008.11.26"]
[SourceQuality "1"]

1. e4 e6 2. d4 d5 3. Nc3 Nc6 4. Nf3 Nf6 5. e5 Ne4 6. Bd3 Bb4 7. Bd2 Nxd2 8. Qxd2 Bd7 9. a3 Be7 10. h4 h6 11. 0-0-0 b6 12. g4 Na5 13. g5 c5 14. Qf4 c4 15. Bf1 hxg5 16. Qg4 Rh7 17. h5 f5 18. exf6 gxf6 19. h6 Kf8 20. Re1 Nc6 21. Rxe6 Bxe6 22. Qxe6 Qd6 23. Qf5 Qf4+ 24. Qxf4 gxf4 25. Nxd5 Rd8 26. Bxc4 Na5 27. Bd3 Rh8 28. Nxf4 Bd6 29. Ng6+ Kf7 30. Nxh8+ Rxh8 31. h7 Bf4+ 32. Kd1 1-0

[Event "Rennes op 1st"]
[Site "Rennes"]
[Date "2008.07.28"]
[Round "1"]
[White "Le Roux, Jean Pierre"]
[Black "Schmouchkovitch, Michel"]
[Result "1-0"]
[WhiteElo "2490"]
[BlackElo "1983"]
[PlyCount "49"]
[EventDate "2008.07.28"]
[EventType "swiss"]
[EventRounds "9"]
[EventCountry "FRA"]
[SourceTitle "EXT 2009"]
[Source "ChessBase"]
[SourceDate "2008.11.26"]
[SourceVersion "1"]
[SourceVersionDate "2008.11.26"]
[SourceQuality "1"]

1. Nf3 e6 2. c4 f5 3. g3 Nf6 4. Bg2 Be7 5. 0-0 0-0 6. Nc3 a5 7. Qb3 c6 8. d3 Na6 9. e4 d6 10. Be3 Nc5 11. Qc2 Bd7 12. Rad1 Be8 13. exf5 exf5 14. Bxc5 dxc5 15. d4 Qc7 16. Rfe1 g6 17. d5 cxd5 18. cxd5 Ne4 19. Nxe4 fxe4 20. Qxe4 Bd6 21. Ng5 Bf7 22. Qh4 h5 23. Ne6 Bxe6 24. Rxe6 Kg7 25. Be4 1-0

[Event "FRA-chT3 Gr06 0607"]
[Site "France"]
[Date "2007.03.31"]
[Round "8.5"]
[White "Quellec, Yannick"]
[Black "Schmouchkovitch, Michel"]
[Result "0-1"]
[WhiteElo "1960"]
[BlackElo "2014"]
[PlyCount "88"]
[EventDate "2006.10.15"]
[EventType "team"]
[EventRounds "9"]
[EventCountry "FRA"]
[SourceTitle "EXT 2008"]
[Source "ChessBase"]
[SourceDate "2007.11.25"]
[SourceVersion "1"]
[SourceVersionDate "2007.11.25"]
[SourceQuality "1"]
[WhiteTeam "St Hilaire Petitville"]
[BlackTeam "Brest"]
[WhiteTeamCountry "FRA"]
[BlackTeamCountry "FRA"]

1. e4 e6 2. d4 d5 3. Nd2 dxe4 4. Nxe4 Qd5 5. Nc3 Bb4 6. Qg4 Ne7 7. Bd2 Bxc3 8. bxc3 Nbc6 9. Nf3 e5 10. c4 Bxg4 11. cxd5 Nxd4 12. Nxd4 exd4 13. d6 cxd6 14. Bd3 0-0 15. Bf4 Rfd8 16. Kd2 Nd5 17. Bg5 f6 18. Bh4 Bh5 19. Rab1 Rab8 20. Bg3 Bf7 21. a3 b6 22. Rhe1 Rbc8 23. Bf5 Rc5 24. a4 Nc3 25. Bd3 Nxb1+ 26. Rxb1 Bg6 27. Rb4 Bxd3 28. cxd3 d5 29. Rxd4 Kf7 30. f3 Ke6 31. Bf2 Rdc8 32. Rh4 Rc2+ 33. Ke3 h6 34. Rb4 Re8 35. f4 Kd6+ 36. Kf3 Rc3 37. Rd4 f5 38. h3 a5 39. g4 g6 40. Bh4 Re6 41. Bf2 Kc6 42. h4 h5 43. gxh5 gxh5 44. Bg1 Rc2 0-1

[Event "Rohde op 06th"]
[Site "Sautron"]
[Date "2006.11.01"]
[Round "6"]
[White "Delorme, Alban"]
[Black "Schmouchkovitch, Michel"]
[Result "1-0"]
[WhiteElo "2243"]
[BlackElo "1964"]
[PlyCount "51"]
[EventDate "2006.10.28"]
[EventType "swiss"]
[EventRounds "9"]
[EventCountry "FRA"]
[SourceTitle "EXT 2007"]
[Source "ChessBase"]
[SourceDate "2006.11.23"]
[SourceVersion "1"]
[SourceVersionDate "2006.11.23"]
[SourceQuality "1"]

1. e4 c6 2. d4 d5 3. Nc3 dxe4 4. Nxe4 Nf6 5. Nxf6+ exf6 6. Be3 Bd6 7. Bd3 0-0 8. c3 Re8 9. Qc2 g6 10. 0-0-0 Be6 11. Kb1 Nd7 12. h4 f5 13. h5 Bd5 14. Nf3 Be4 15. Bxe4 fxe4 16. Ng5 Nf6 17. hxg6 hxg6 18. Rh4 Nd5 19. Rh8+ Kg7 20. Rh7+ Kg8 21. Rdh1 Nxe3 22. Nxe4 Rxe4 23. Rh8+ Kg7 24. R1h7+ Kf6 25. Qxe4 Qxh8 26. Qh4+ 1-0

[Event "Rohde op 06th"]
[Site "Sautron"]
[Date "2006.10.30"]
[Round "4"]
[White "Bonn, Thomas"]
[Black "Schmouchkovitch, Michel"]
[Result "1-0"]
[WhiteElo "2080"]
[BlackElo "1964"]
[PlyCount "107"]
[EventDate "2006.10.28"]
[EventType "swiss"]
[EventRounds "9"]
[EventCountry "FRA"]
[SourceTitle "EXT 2007"]
[Source "ChessBase"]
[SourceDate "2006.11.23"]
[SourceVersion "1"]
[SourceVersionDate "2006.11.23"]
[SourceQuality "1"]

1. e4 c6 2. Nf3 d5 3. exd5 cxd5 4. Ne5 Nf6 5. d4 Nc6 6. Bb5 Qb6 7. c4 dxc4 8. Nc3 e6 9. Nxc4 Qd8 10. 0-0 Be7 11. Ne5 Bd7 12. Be3 0-0 13. Bd3 Nb4 14. Bb1 Bc6 15. a3 Nbd5 16. Nxc6 bxc6 17. Nxd5 cxd5 18. b4 Qb6 19. Bd3 a5 20. bxa5 Qxa5 21. a4 Bb4 22. Qb3 Rfc8 23. Rfb1 Bd6 24. Qb6 Bc7 25. Qxa5 Bxa5 26. Rc1 Nd7 27. Bb5 Nb6 28. Kf1 Kf8 29. Ke2 Ke7 30. Kd3 f6 31. f4 Kd6 32. Rc5 Nd7 33. Rxc8 Rxc8 34. Rc1 Rxc1 35. Bxc1 Bb4 36. Kc2 Kc7 37. Kb3 Bd6 38. a5 Nb8 39. Be3 Kb7 40. Bd3 Nc6 41. Ka4 g6 42. Bb5 Nd8 43. Be8 Ka6 44. Bd7 Bc7 45. Bc8+ Ka7 46. Kb5 Kb8 47. Bd7 Bd6 48. g3 e5 49. dxe5 fxe5 50. Bb6 exf4 51. Bxd8 fxg3 52. hxg3 Bxg3 53. Bb6 d4 54. a6 1-0

[Event "Rohde op 06th"]
[Site "Sautron"]
[Date "2006.10.29"]
[Round "2"]
[White "Salaun, Yann"]
[Black "Schmouchkovitch, Michel"]
[Result "1-0"]
[WhiteElo "2340"]
[BlackElo "1964"]
[PlyCount "81"]
[EventDate "2006.10.28"]
[EventType "swiss"]
[EventRounds "9"]
[EventCountry "FRA"]
[SourceTitle "EXT 2007"]
[Source "ChessBase"]
[SourceDate "2006.11.23"]
[SourceVersion "1"]
[SourceVersionDate "2006.11.23"]
[SourceQuality "1"]

1. d4 e6 2. e4 d5 3. Nd2 dxe4 4. Nxe4 Bd7 5. Nf3 Bc6 6. Bd3 Nd7 7. 0-0 Ngf6 8. Ned2 Be7 9. b3 0-0 10. Bb2 Bxf3 11. Qxf3 c6 12. Rfe1 Qc7 13. c4 Rfe8 14. Ne4 Nxe4 15. Rxe4 Bf6 16. Rd1 Rad8 17. Qe2 c5 18. g3 cxd4 19. Bxd4 Bxd4 20. Rxd4 Nf6 21. Bc2 Rxd4 22. Rxd4 Rd8 23. Qe5 Qe7 24. c5 Rxd4 25. Qxd4 Kf8 26. b4 Qd7 27. Qxd7 Nxd7 28. Be4 b5 29. Bc6 Ne5 30. Bxb5 Nf3+ 31. Kg2 Nd4 32. Bd3 Ke7 33. f4 h6 34. Kf2 Kd8 35. Ke3 Nc6 36. b5 Ne7 37. Kd4 Kc7 38. Be4 Nc8 39. a4 Ne7 40. a5 Nc8 41. Ke5 1-0

[Event "Angers op 1st"]
[Site "Angers"]
[Date "2006.05.07"]
[Round "4"]
[White "Schmouchkovitch, Michel"]
[Black "Douville, Frederic"]
[Result "1-0"]
[WhiteElo "1958"]
[BlackElo "1720"]
[PlyCount "27"]
[EventDate "2006.05.06"]
[EventType "swiss"]
[EventRounds "6"]
[EventCountry "FRA"]
[SourceTitle "EXT 2007"]
[Source "ChessBase"]
[SourceDate "2006.11.23"]
[SourceVersion "1"]
[SourceVersionDate "2006.11.23"]
[SourceQuality "1"]

1. Nf3 e6 2. g3 b6 3. Bg2 Bb7 4. 0-0 Nf6 5. c4 Be7 6. Nc3 h5 7. d3 Bxf3 8. Bxf3 h4 9. Bxa8 hxg3 10. hxg3 Ng4 11. Bf3 Ne5 12. Kg2 Bd6 13. Rh1 Rxh1 14. Qxh1 1-0

[Event "FRA-chT3 Gr5 "]
[Site "Bretagne"]
[Date "2006.??.??"]
[Round "8.5"]
[White "Robveille, Laurent"]
[Black "Schmouchkovitch, Michel"]
[Result "1/2-1/2"]
[WhiteElo "1946"]
[BlackElo "1949"]
[PlyCount "31"]
[EventDate "2006.??.??"]
[EventType "team"]
[EventRounds "9"]
[EventCountry "FRA"]
[SourceTitle "EXT 2007"]
[Source "ChessBase"]
[SourceDate "2006.11.23"]
[SourceVersion "1"]
[SourceVersionDate "2006.11.23"]
[SourceQuality "1"]
[WhiteTeam "Arradon"]
[BlackTeam "Brest"]
[WhiteTeamCountry "FRA"]
[BlackTeamCountry "FRA"]

1. d4 f5 2. Nf3 Nf6 3. c4 e6 4. Nc3 Be7 5. g3 0-0 6. Bg2 Ne4 7. 0-0 Bf6 8. Qc2 d5 9. e3 Nc6 10. a3 a5 11. b3 Nxc3 12. Qxc3 Bd7 13. Bb2 Be8 14. cxd5 exd5 15. Rfc1 Qd6 16. Qc5 1/2-1/2

[Event "Fouesnant op 11th"]
[Site "Fouesnant"]
[Date "2005.10.27"]
[Round "7"]
[White "Peyre, Camille"]
[Black "Schmouchkovitch, Michel"]
[Result "1-0"]
[WhiteElo "1770"]
[BlackElo "1957"]
[PlyCount "93"]
[EventDate "2005.10.22"]
[EventType "swiss"]
[EventRounds "9"]
[EventCountry "FRA"]
[SourceTitle "EXT 2007"]
[Source "ChessBase"]
[SourceDate "2006.11.23"]
[SourceVersion "1"]
[SourceVersionDate "2006.11.23"]
[SourceQuality "1"]

1. d4 g6 2. c4 Bg7 3. Nc3 d6 4. Bf4 Nd7 5. e3 Ngf6 6. Nf3 0-0 7. Be2 c6 8. 0-0 h6 9. h3 Re8 10. Qc2 a6 11. b4 b5 12. Rac1 Nf8 13. Rfd1 d5 14. c5 Bf5 15. Bd3 Bxd3 16. Qxd3 N8d7 17. Bh2 Nh7 18. e4 dxe4 19. Qxe4 Qc8 20. Ne5 Nxe5 21. Bxe5 Bxe5 22. Qxe5 e6 23. Ne4 Qd7 24. Nd6 Red8 25. Re1 Nf8 26. Qf6 Ra7 27. Nxf7 Qxf7 28. Qxd8 Rd7 29. Qh4 Qg7 30. Rcd1 g5 31. Qe4 Rd5 32. Qg4 Qd7 33. Re5 Qf7 34. Rxd5 exd5 35. Qc8 Qd7 36. Qxa6 Ne6 37. a4 Nf4 38. axb5 Nxh3+ 39. gxh3 Qxh3 40. Qa8+ Kg7 41. Qb7+ Kg6 42. Qxc6+ Kh5 43. Qe8+ Kh4 44. Qe2 g4 45. Rd3 Qg2+ 46. Kxg2 g3 47. fxg3+ 1-0